Technológie, stroje a zariadenia pre recykláciu textilu (Technologies, machines and equipments for textile recycling)[CD-ROM] : bakalárska práca

Gespeichert in:
Bibliographische Detailangaben
1. Verfasser: Čizmadia, Ladislav (Verfasst von)
Weitere Verfasser: Križan, Peter, 1980- (xxx)
Format: Manuskript Buch
Sprache:Slowakisch
Veröffentlicht: Bratislava : STU v Bratislave SjF, 2009
Ausgabe:1.vyd
Schlagworte:
Tags: Tag hinzufügen
Keine Tags, Fügen Sie das erste Tag hinzu!

MARC

LEADER 00000ntm a22000003a 4500
001 stu198529
005 20150617230050.0
008 100120s2009----xo------------------slo-d
040 |a STU  |b slo 
041 0 |a slo 
044 |a xo 
100 1 |a Čizmadia, Ladislav  |4 aut  |u J0070  |9 100  |U SjF Strojnícka fakulta  |T SjF Ústav výrobných systémov, enviromentálnej techniky a manažment kvality  |X  40979  |U J0070  |Y 804  |7  40979 
245 1 |a Technológie, stroje a zariadenia pre recykláciu textilu (Technologies, machines and equipments for textile recycling)[CD-ROM] :  |b bakalárska práca 
250 |a 1.vyd 
260 |a Bratislava :  |b STU v Bratislave SjF,  |c 2009 
300 |a 66 
650 7 |a recyklácia textilu  |2 stusub 
650 7 |a textilný odpad  |2 stusub 
650 7 |a textile recycling  |2 estusub 
650 7 |a textile waste  |2 estusub 
700 1 |a Križan, Peter,  |d 1980-  |4 xxx  |u J0070  |U SjF Strojnícka fakulta  |T SjF Ústav výrobných systémov, enviromentálnej techniky a manažment kvality  |X 38318  |U J0070  |Y 804  |7 A000038318 
996 |b 284J035847  |c J*457/BP  |l JJSK  |s A  |a 24  |w stu198529_0001